000 00623nam a2200241Ia 4500
003 OSt
005 20220918173948.0
006 a|||||r|||| 00| 0
007 ta
008 220917b |||||||| |||| 00| 0 eng d
024 _a9,509
037 _cTextual
040 _aARTS
_cARTS
_beng
041 _2eng
_aeng
082 _a2:5513qN22, F6
100 _aFellows Dorcas.
_948602
245 0 _aCataloguing rules with explanations and illustrations
250 _a2nd
260 _c1926
650 _aLIBRARY SCIENCE
942 _h2:5513qN22, F6
_cTEXL
_2CC
999 _c151149
_d151149